Normal view
MARC view
Entry Personal Name
001 - CONTROL NUMBER
- control field: 550201
003 - CONTROL NUMBER IDENTIFIER
- control field: OSt
005 - DATE AND TIME OF LATEST TRANSACTION
- control field: 20220930092948.0
008 - FIXED-LENGTH DATA ELEMENTS
- fixed length control field: 220930|| aca||aabn | a|a d
040 ## - CATALOGING SOURCE
- Original cataloging agency: OSt
- Transcribing agency: OSt
100 ## - HEADING--PERSONAL NAME
- Personal name: Ehteshamunddin Sheikh
670 ## - SOURCE DATA FOUND
- Source citation: Work cat.: (OSt)884592: Ehteshamunddin Sheikh, Muhammad Nazim Nadwi (b) 1914 - (d) 2000 his life and contribution to the Arabic literature and journalism, 2015
